000 00414nam a2200145 a 4500
001 000031780
005 20200930063156.0
008 110701s1998 dr ac 000 0 spa d
040 _aDO-SdBNP
_bspa
_cBNPHU
110 2 _aBanco Popular Dominicano
_96892
245 1 0 _aMemoria anual 1998.
260 _aSanto Domingo :
_bBanco Popular Dominicano,
_c[1998].
300 _a70 p. :
_bil.,retrs. ;
_c30 cm.
049 _aBNPD
999 _c31272
_d31272